Rozpoznaj popularne potrawy po ich opisie! - Statystyki

Ogólne statystyki
  • Ten quiz został rozwiązany 68 razy
  • Średni wynik to 6 z 12
Statystyki odpowiedzi
Opis dania Nazwa potrawy % Poprawnych
Duszona kapusta z mięsem. Bigos
92%
Deser z mascarpone, biszkoptami i kawą. Tiramisu
75%
Klasyczna kanapka z kotletem mielonym, serem, sałatą, pomidorem i dodatkami, często podawana z frytkami. Hamburger/Burger
72%
Maślany rogalik śniadaniowy. Croissant
68%
Grillowane mięso z dodatkiem warzyw i sosów, często serwowane w pieczywie lub na talerzu. Kebab
66%
Aromatyczna zupa z makaronem, mięsem (np. wieprzowiną), jajkiem i warzywami. Ramen
60%
Pasta z awokado, limonki i kolendry. Guacamole
58%
Ryż gotowany z szafranem, warzywami, owocami morza lub mięsem. Paella
38%
Warzywna zapiekanka z bakłażana, cukinii, papryki i pomidorów, duszona z ziołami prowansalskimi. Ratatouille/Ratatuj
25%
Chłodnik z surowych pomidorów, papryki, ogórka, czosnku i oliwy. Gazpacho
19%
Drobna kasza z pszenicy podawana z warzywami, mięsem (np. jagnięciną) i aromatycznym bulionem. Kuskus
19%
Ciasto drożdżowe lub francuskie nadziewane rybą, mięsem lub kapustą. Kulebiak
11%
Nie znaleziono quizów pasujących do podanych kryteriów
Rozkład punktacji
Procent ludzi z każdym wynikiem
Percentyl według liczby udzielonych odpowiedzi
Twoja historia wyników
Nie rozwiązałeś tego quizu